000 00901nac a22002537a 4500
001 BR9101433
003 BR-BrBNA
005 20240105121142.0
008 230509b bl.|||m| |||| 00| 0 por d
040 _aBR-BrBNA
_bpor
_cBiblioteca Nacional de Agricultura
072 _aE14
090 _aE14 BR9101433
110 1 _aMinisterio da Agricultura, Brasilia, DF (Brasil). Secretaria de Acompanhamento e Avaliacao
_96822
245 1 _aAcoes do Ministerio da Agricultura no primeiro semestre de 1986
260 3 _aBrasilia, DF (Brasil):
_c1986.
300 _a198 p.
490 _aRelatorio - Ministerio da Agricultura. Secretaria de Acompanhamento e Avaliacao (Brazil)
_v
_x
650 _aPOLITICA AGRICOLA
650 _aPOLITICA GOVERNAMENTAL
650 _aDESENVOLVIMENTO AGRICOLA
650 _aINSTITUICAO AGRICOLA
909 _a202312
_bLúcia Elande
_c55
_dLúcia Elande
942 _2AGRIS
_n0
_cMS
999 _c283610
_d283610